Argumentacin̤ y normatividad dialg̤ica

Detalles Bibliográficos
Autor principal: Walton, Douglas N.
Otros Autores: Krabbe, Erik C. W.
Formato: eBook
Lenguaje:español
Publicado: Lima: Palestra Editores, 2017
Materias:
Acceso en línea:Acceso restringido

MARC

LEADER 00000nam a22000007a 4500
005 20190814132642.0
007 cr|||| ||||
008 190814s2017 pe |||||s|||| 00||0 spa d
020 |a 978-612-4218-80-4 
035 |a 24050 
040 |a vLex 
090 |c 9186  |d 9186 
100 1 |a Walton, Douglas N. 
245 1 0 |a Argumentacin̤ y normatividad dialg̤ica  |h [Recurso electrn̤ico] /  |c Douglas N. Walton, Erik C. W. Krabbe 
256 |a Servicio en ln̕ea 
260 |a Lima:  |b Palestra Editores,  |c 2017 
300 |a 1 recurso electrn̤ico 
506 1 |a Disponible solo en los productos indicados  |d vLex Global  |d vLex Global (Academic Edition, excluding Law Schools)  |d vLex Global (U.S. Academic Edition, Law Schools)  |d vLex Global (U.S. Academic Edition, excluding Law Schools)  |d vLex Global (Academic Edition, Law Schools) 
650 0 4 |a Ciencias sociales  |z Per︢ 
700 1 |a Krabbe, Erik C. W. 
740 0 |a vLex Libros (Servicio en ln̕ea) 
856 4 0 |u http://vlex.com/source/argumentacion-normatividad-dialogica-24050  |z Acceso restringido 
942 |c BOOK 
999 0 |a Social Sciences